80s Bands by Members - Statistics

General Stats
  • This quiz has been taken 1,194 times
  • The average score is 12 of 22
Answer Stats
Hint Answer % Correct
Mercury, May, Taylor, Deacon Queen
93%
Tyler, Perry, Hamilton, Kramer, Whitford Aerosmith
81%
Michael, Ridgeley Wham!
76%
Boy George, Moss, Hay, Craig Culture Club
74%
Lennox, Stewart Eurythmics
71%
Collins, Rutherford, Banks Genesis
68%
Le Bon, Taylor, Rhodes Duran Duran
67%
Sumner, Copeland, Summers The Police
67%
Roth, Hagar, Anthony, etc Van Halen
67%
Knopfler, Illsley, Clark, Williams Dire Straits
66%
Hutchence, Farriss, Pengilly, Beers INXS
58%
Johnson, Young, Rudd, Williams AC/DC
54%
Hynde, Chambers, Farndon, Honeyman-Scott The Pretenders
52%
Hewson, Evans, Clayton, Mullen U2
52%
Ocasik, Orr, Easton, Hawkes, Robinson The Cars
45%
Perry, Schon, Valory, Cain, Smith Journey
44%
Byrne, Weymouth, Frantz, Harrison Talking Heads
44%
Elliot, Savage, Allen, Collen Def Leppard
42%
Lee, Lifeson, Peart Rush
41%
Orzabel, Smith Tears For Fears
40%
Lewis, Gibson, Colla, Cipolina, Hopper Huey Lewis & The News
17%
Simmons, McDaniels, Mizell Run-D.M.C.
11%
No matching quizzes found
Score Distribution
Percent of People with Each Score
Percentile by Number Answered
Your Score History
You have not taken this quiz